书目信息 |
| 题名: |
推销要有点狼精神
|
|
| 作者: | 张与弛 编著 | |
| 分册: | ||
| 出版信息: | 北京 中国商业出版社 2008.01 |
|
| 页数: | 259页 | |
| 开本: | 24cm | |
| 丛书名: | ||
| 单 册: | ||
| 中图分类: | F713.3 | |
| 科图分类: | ||
| 主题词: | 推销--tui xiao--基本知识 | |
| 电子资源: | ||
| ISBN: | 978-7-5044-5868-1 | |
| 000 | 00820nam0 2200229 450 | |
| 001 | 012008703266 | |
| 005 | 20080605133430.85 | |
| 010 | @a978-7-5044-5868-1@dCNY28.00 | |
| 100 | @a20080605d2008 em y0chiy0120 ea | |
| 101 | 0 | @achi |
| 102 | @aCN@b110000 | |
| 105 | @ay z 000yy | |
| 106 | @ar | |
| 200 | 1 | @a推销要有点狼精神@Atui xiao yao you dian lang jing shen@f张与弛编著@Fzhang yu chi bian zhu |
| 210 | @a北京@c中国商业出版社@d2008.01 | |
| 215 | @a259页@d24cm | |
| 330 | @a本书内容包括:狼精神之眼光——知己知彼,把握机遇;狼精神之专注——不离不弃,执着以求;狼精神之坚韧——逆境不言败,创造卓越;狼精神之无畏——宁死不退,永远向前等。 | |
| 606 | 0 | @a推销@Atui xiao@x基本知识 |
| 690 | @aF713.3@v4 | |
| 701 | 0 | @a张与弛@Azhang yu chi@4编著 |
| 801 | 0 | @aCN@bQSSK@c20080605 |
| 905 | @b725039-40@dF713.3@eZ230@f2 | |
| 推销要有点狼精神/张与弛编著.-北京:中国商业出版社,2008.01 |
| 259页;24cm |
| ISBN 978-7-5044-5868-1:CNY28.00 |
| 本书内容包括:狼精神之眼光——知己知彼,把握机遇;狼精神之专注——不离不弃,执着以求;狼精神之坚韧——逆境不言败,创造卓越;狼精神之无畏——宁死不退,永远向前等。 |
| ● |
| 相关链接 |
|
|
|
正题名:推销要有点狼精神
索取号:F713.3/Z230
 
预约/预借
| 序号 | 登录号 | 条形码 | 馆藏地/架位号 | 状态 | 备注 |
| 1 | 725039 | 207250393 | 社科库409/409社科库 41排3列5层/ [索取号:F713.3/Z230] | 在馆 | |
| 2 | 725040 | 207250400 | 社科库409/409社科库 41排3列5层/ [索取号:F713.3/Z230] | 在馆 |